Normal view MARC view
  • Escalante Ferrer, Ana Esther

Entry Nombre Personal

Number of records used in: 3

001 - NUMERO DE CONTROL

  • campo de control: 45072

003 - IDENTIFICADOR DE NUMERO DE CONTROL

  • campo de control: DLC

005 - FECHA Y HORA DE LA ÜLTIMA TRANSACCIÓN

  • campo de control: 20220811122039.0

008 - DATOS DE LONGITUD FIJA

  • campo de control de longitud fija: 220811n| azannaabn |a aaa c

010 ## - NÚMERO DE CONTROL DE LA BIBLIOTECA DEL CONGRESO

  • Número de control LC: no2012068686
  • Número de Control LC Cancelado/inválido: no2012068688

035 ## - NUMERO DE CONTROL

  • Número de control: (OCoLC)oca09200570

040 ## - FUENTE DE CATALOGACIÓN

  • Agencia original de catalogación: InNd
  • Lenguaje de catalogación: spa
  • Description conventions: rda
  • Agencia de transcripción: InNd
  • Agencia que lo modifica: DLC
  • Agencia que lo modifica: MX-MxUPN

100 1# - ENCABEZAMIENTO - NOMBRE PERSONAL

  • Nombre personal: Escalante Ferrer, Ana Esther

370 ## - LUGAR ASOCIADO

  • Other associated place: Cuernavaca (México)
  • Fuente del término: naf

372 ## - CAMPO DE ACTIVIDAD

  • Field of activity: Educación
  • Fuente del término: lcsh

373 ## - GRUPO ASOCIADO

  • Associated group: Universidad Autónoma del Estado de Morelos. Instituto de Ciencias de la Educación
  • Fuente del término: naf

374 ## - OCUPACIÓN

  • Occupation: Educadora
  • Fuente del término: lcsh

375 ## - GÉNERO

  • Gender: femenino

377 ## - LENGUA ASOCIADA

  • Language code: spa

400 1# - VEÁSE - NOMBRE DE PERSONA

  • Personal name: Ferrer, Ana Esther Escalante

400 1# - VEÁSE - NOMBRE DE PERSONA

  • Personal name: Escalante, A. E.
  • Fuller form of name: (Ana Esther Escalante Ferrer)

670 ## - FUENTE EN LA QUE SE LOCALIZARON DATOS

  • Cita de la fuente: Convergencia en investigación regional, 2010:
  • Información localizada: portada (Ana Esther Escalante Ferrer)

670 ## - FUENTE EN LA QUE SE LOCALIZARON DATOS

  • Cita de la fuente: Política educativa en México, 2014:
  • Información localizada: solapa trasera (Ana Esther Escalante Ferrer) página 13-14 (A.E. Escalante; prof.-researcher, ICE-UAEM)

902 ## - CATALOGADOR

  • Catalogador: NDAF/110822